Программирование для персонального компьютера Эпл: пер. с англ.

Bibliographische Detailangaben
1. Verfasser: Уоттенберг Ф. Фрэнк
Sprache:Russisch
Veröffentlicht: Москва, Мир, 1988
Schlagworte:
Format: MixedMaterials Buch
KOHA link:https://koha.lib.tpu.ru/cgi-bin/koha/opac-detail.pl?biblionumber=262022

MARC

LEADER 00000nam0a2200000 4500
001 262022
005 20231031221858.0
010 |a 5030005714 
035 |a (RuTPU)RU\TPU\book\285004 
090 |a 262022 
100 |a 20140529d1988 km y0rusy50 ca 
101 1 |a rus  |c eng 
102 |a RU 
105 |a a z 001zy 
200 1 |a Программирование для персонального компьютера Эпл  |e пер. с англ.  |f Ф. Уоттенберг 
210 |a Москва  |c Мир  |d 1988 
215 |a 372 с.  |c ил. 
320 |a Предметный указатель: с. 368-369. 
606 1 |a Вычислительные машины электронные  |x Программирование  |2 stltpush  |3 (RuTPU)RU\TPU\subj\4141 
610 1 |a вычислительная техника 
610 1 |a информатика 
610 1 |a отладка 
610 1 |a диалоговые системы 
610 1 |a Бейсик 
610 1 |a алгоритмы 
675 |a 681.3.06  |v 3 
700 1 |a Уоттенберг  |b Ф.  |g Фрэнк 
801 1 |a RU  |b 63413507  |c 20140529 
801 2 |a RU  |b 63413507  |c 20161201  |g RCR 
942 |c BK